Des liens et des transferts entre générations André Masson, Collection En temps & lieux, Éditions EHESS, 2009, 464 p. (notice n° 1589628)
[ vue normale ]
| 000 -LEADER | |
|---|---|
| fixed length control field | 00651cam a2200169 4500500 |
| 005 - DATE AND TIME OF LATEST TRANSACTION | |
| control field | 20251228064233.0 |
| 041 ## - LANGUAGE CODE | |
| Language code of text/sound track or separate title | fre |
| 042 ## - AUTHENTICATION CODE | |
| Authentication code | dc |
| 100 10 - MAIN ENTRY--PERSONAL NAME | |
| Personal name | Chaslot-Robinet, Sylvie |
| Relator term | author |
| 245 00 - TITLE STATEMENT | |
| Title | Des liens et des transferts entre générations André Masson, Collection En temps & lieux, Éditions EHESS, 2009, 464 p. |
| 260 ## - PUBLICATION, DISTRIBUTION, ETC. | |
| Date of publication, distribution, etc. | 2011.<br/> |
| 500 ## - GENERAL NOTE | |
| General note | 4 |
| 700 10 - ADDED ENTRY--PERSONAL NAME | |
| Personal name | Vanlierde, Sabrina |
| Relator term | author |
| 700 10 - ADDED ENTRY--PERSONAL NAME | |
| Personal name | Desmartin, Cécile |
| Relator term | author |
| 786 0# - DATA SOURCE ENTRY | |
| Note | Retraite et société | 61 | 2 | 2011-08-01 | p. 240a-244a | 1167-4687 |
| 856 41 - ELECTRONIC LOCATION AND ACCESS | |
| Uniform Resource Identifier | <a href="https://shs.cairn.info/revue-retraite-et-societe1-2011-2-page-240a?lang=fr&redirect-ssocas=7080">https://shs.cairn.info/revue-retraite-et-societe1-2011-2-page-240a?lang=fr&redirect-ssocas=7080</a> |
Pas d'exemplaire disponible.




Réseaux sociaux